Actors and Actresses Born in 1970 - Statistics

General Stats
  • This quiz has been taken 62 times
  • The average score is 5 of 20
Answer Stats
Hint Answer % Correct
Good Will Hunting Matt Damon
92%
Kill Bill: Vol.1 Uma Thurman
63%
30 Rock Tina Fey
48%
Wedding Crashers Vince Vaughn
46%
Training Day Ethan Hawke
38%
A Beautiful Mind Jennifer Connelly
33%
The Lego Batman Movie Will Arnett
29%
My Own Private Idaho River Phoenix
23%
Black-ish Anthony Anderson
21%
The Heat Melissa McCarthy
21%
Modern Family Julie Bowen
15%
Grosse Pointe Blank Minnie Driver
13%
Austin Powers: The Spy Who Shagged Me Heather Graham
12%
Big Momma's House Nia Long
10%
Criminal Minds Shemar Moore
8%
Parks and Recreation Nick Offerman
6%
Saving Private Ryan Adam Goldberg
2%
All My Children Kelly Ripa
0%
Lost Lara Flynn Boyle
0%
The Daily Show Rob Riggle
0%
No matching quizzes found
Score Distribution
Percent of People with Each Score
Percentile by Number Answered
Your Score History
You have not taken this quiz